[Event "Bolivar Province-ch qual"]
[Site "Cartagena"]
[Date "2013.05.24"]
[Round "7"]
[White "Torres Clavijo, Jose Manuel"]
[Black "Gutierrez Alcazar, Gustavo Adolfo"]
[Result "1-0"]
[WhiteElo "1571"]
[BlackElo "1478"]
[PlyCount "85"]
[EventDate "2013.05.16"]
[EventType "swiss"]
[EventRounds "7"]
[EventCountry "COL"]
[SourceTitle "EXT 2014"]
[Source "ChessBase"]
[SourceDate "2013.11.20"]
[SourceVersion "1"]
[SourceVersionDate "2013.11.20"]
[SourceQuality "1"]

1. e4 c5 2. Nf3 Nc6 3. c3 d6 4. Bb5 Bd7 5. 0-0 a6 6. Ba4 Nf6 7. Re1 e5 8. d3 g6 9. Nbd2 b5 10. Bc2 Be6 11. Ng5 Qd7 12. Nxe6 Qxe6 13. Bb3 Qd7 14. Nf1 Bg7 15. f4 exf4 16. Bxf4 0-0 17. Ne3 Nh5 18. Nd5 Rab8 19. Qd2 Nxf4 20. Qxf4 Kh8 21. Bc2 Be5 22. Qh6 Bg7 23. Qh4 Qd8 24. Qh3 Qc8 25. Qf3 f5 26. exf5 Qxf5 27. Qxf5 Rxf5 28. Ne7 Nxe7 29. Rxe7 Rff8 30. Rae1 Be5 31. Ra7 Ra8 32. Rxa8 Rxa8 33. Rf1 Kg7 34. Bb3 Rf8 35. h3 a5 36. Rxf8 Kxf8 37. Bd5 Ke7 38. Kf2 Bf4 39. Kf3 Bc1 40. b3 Bb2 41. c4 b4 42. g4 h6 43. Ke4 1-0